| 000 | 00446pab a2200169 454500 | ||
|---|---|---|---|
| 008 | 180718b2008 xxu||||| |||| 00| 0 eng d | ||
| 100 | _aMitra, Subrata K. | ||
| 245 | _aWhen area meets theory: dominance, dissent, and democracy in India | ||
| 260 | _c2008 | ||
| 300 | _ap.557-78. | ||
| 362 | _aNov | ||
| 650 | _aDemocracy - India | ||
| 650 | _aDemocracy | ||
| 773 | _aInternational Political Science Review | ||
| 908 | _aN | ||
| 909 | _a81418 | ||
| 999 |
_c81418 _d81418 |
||